000 01598nam a2200349 c 4500
003 BLK
005 20250423140758.0
008 180408b bul|||||r ||||||| ||bul||
010 _aKNG00068279000
020 _a954-739-654-4
_bиздат.: Захарий Стоянов - на том(кн. 1)
040 _aBLK
041 _aBUL
_cBUL
080 _aБългарска литература
_b821.163.2
_x-94
_z821.163.2-94
100 1 _aАпостолова, Божана
_eпърви автор
_gПейкова, Божана Георгиева
_9251141
700 1 _aПейкова, Божана Георгиева
_e*
_9291754
139 _aАпостолова, Божана
_bА 78
245 1 0 _aДелнична библия
_bПреживени истории : Кн. 1 - 2
_cБожана Апостолова; * Божана Георгиева Пейкова.
_nКн. 1
257 _aBGR
260 София
_c2005
_fПловдив : Жанет 45
300 _c20 см
380 _aX
500 _aБожана Апостолова - псевд. на Божана Георгиева Пейкова.
653 _aспомени
653 _aмемоари
760 1 _3- на том(кн. 1)
_aАпостолова, Божана
_dЗахарий Стоянов, 2005
_h244 с.
_n1. изд. 1998 на изд. Стигмати.
_tКн. 1
852 _aЦб 229278
856 4 _qpdf
_u
856 4 _qpdf
_u
942 _cKNG
_n0
_05
944 _aCR
_c29.09.2006
_lРусанова Ирена
_k30542
944 _aED
_c17.08.2015
_lф /
_kЛюдмила_Стоянова
999 _c64014
_d64014